| 000 | 00382nam a22001457a 4500 | ||
|---|---|---|---|
| 999 |
_c14809 _d14809 |
||
| 020 | _a9789385039027 | ||
| 082 |
_a624.171 _bJUN/ME |
||
| 100 |
_aJunnarkar,S.B _9536 |
||
| 100 |
_aShah,H.J _9535 |
||
| 245 | _aMechanics of Structures: Vol.II(Theory and analysis of structures) | ||
| 250 | _a24 th | ||
| 260 |
_aAnand _bCharotar Publishing House _c2015 |
||
| 300 | _a970p | ||
| 942 | _cBK | ||